00892nam a2200217 i 450000100060000000300090000600500170001500700030003200800410003510000520007624500990012826000610022730000200028850000580030860000530036670000260041971000530044585200350049899900170053395201240055074233ES-MaACL20250605122759.0t|040916s1941 sp ||||1| spa d1 aGonzález Palencia, Ángel,d1889-194995885410aVida y obras de Don Diego Hurtado de Mendoza / cpor Angel González Palencia y Eugenio Mele. aMadrid : b[s.n., c1941] (fImp. de Estanislao Maestre) a3 v. ; c24 cm. aPrecede al tít.: Instituto de Valencia de Don Juan.17aHurtado de Mendoza, Diego, d1503-1575291494941 aMele, Eugenio.9799022 aInstituto de Valencia de Don Juan (Madrid)95014 aES-MaACLjF-15910-15 bR.20715 c74233d74233 00104070aATENEOMbATENEOMcSPP2d2008-01-17eSCl0oF-15910-15p1077706r2023-02-23 00:00:00w2023-02-23yMONOGRAFIA